| 000 | 00876nam a2200277 a 4500 | ||
|---|---|---|---|
| 001 | 000037767 | ||
| 003 | DO-SdBNP | ||
| 005 | 20171003124407.0 | ||
| 007 | 000037767 | ||
| 008 | 130305s2012 dr 001 e spa d | ||
| 020 | _a9789945472097 | ||
| 040 |
_aBPMSU _bspa _cBPMSU |
||
| 082 | 4 |
_aRD864.44 _bV443e |
|
| 092 | _b | ||
| 100 | 1 |
_aVeloz Maggiolo, Marcio, _d1936- |
|
| 245 | 1 | 0 |
_aEn nombre del recuerdo : _bensayos / _cMarcio Veloz Maggiolo. |
| 260 |
_aSanto Domingo : _bInstituto Tecnológico de Santo Domingo, _c2012. |
||
| 300 |
_a367 p. ; _c22 cm. |
||
| 500 | _aIncluye datos biográficos del autor en la solapa de la contracubierta. | ||
| 650 | 4 | _aENSAYOS DOMINICANOS | |
| 650 | 4 | _aLITERATURA DOMINICANA | |
| 910 | _aValidado. Control de calidad EMS | ||
| 942 |
_2ddc _cBK |
||
| 945 | _aInventariado / 2017 VM | ||
| 956 |
_aVMATEO _b10 _c20150806 _lBPMSU _h00151 |
||
| 999 |
_c8102 _d8102 |
||